| 000 | 00562nam a2200217Ia 4500 | ||
|---|---|---|---|
| 003 | OSt | ||
| 005 | 20220928141054.0 | ||
| 006 | a|||||r|||| 00| 0 | ||
| 007 | ta | ||
| 008 | 220927b |||||||| |||| 00| 0 eng d | ||
| 024 | _a13480 | ||
| 037 | _cTextual | ||
| 040 |
_aSDCL _cSDCL _beng |
||
| 041 |
_2eng _aeng |
||
| 082 | _aWv, M4 | ||
| 100 |
_aWarren Scott _9498932 |
||
| 245 | 0 |
_aEmergence of dialectical theory _b Philosophy and political inquiry |
|
| 260 | _c1984 | ||
| 942 |
_hWv, M4 _cTEXL _2CC |
||
| 999 |
_c815889 _d815889 |
||